000 00278nam a22001217a 4500
008 170322b xxu||||| |||| 00| 0 eng d
041 _aeng
080 _a616.12-008-073
100 _a7
101 _ashm
245 _aCARDIOVASCULAR TRIALS REWIEV
_cKLONER.R
942 _2udc
_cBK
999 _c8306
_d8306